000 00562cam a22002053a 4500
001 41595
003 PGUSA
005 20140828083935.0
008 121210s2012||||xxu|||||s|||||000 | eng d
040 _aPGUSA
_beng
042 _adc
100 1 _aCrabtre, A. D.
245 1 4 _aThe Funny Side of Physic
_h[electronic resource] /
_cA. D. Crabtre
260 _bProject Gutenberg,
_c2012
506 _aPublic domain in the USA.
516 _aElectronic text
830 0 _aProject Gutenberg
_v41595
856 4 0 _uhttp://www.gutenberg.org/ebooks/41595
942 _cEB
999 _c270847
_d270847